000 00602nam a2200229 a 4500
001 68604
003 BD-RjUL
005 20211209081806.0
008 170404s1969 n a|||| |||| 001 0 eng d
035 _a(BD-RjUL)68814
040 _aBD-RjUL
_beng
_cBD-RjUL
041 _aeng
082 _223
_a891.73392
_bTRT 1969
100 _aTroyal, Henri
_9203351
245 _aTolsty /
_cHenri troyal.
260 _aNew York :
_bA Dell Books,
_c1969
300 _a924 p. :
_bill. ;
_c17 cm
500 _aIncludes Index
650 _aTolstoy Leo
_9210380
650 _aPerformance art
_9203352
942 _2ddc
_cBK
999 _c68604
_d68604